000 00584nam a2200181 a 4500
001 000046489
005 20210324134616.0
008 150819s2015 dr r 000 0 spa d
020 _a9789945166835
040 _aDO-SdBNP
_bspa
_cBNPHU
082 _axxxx
_bxxxx
100 1 _aPérez M., Diomarys A.
_974486
245 1 0 _aDiscurso ideológico e identidad dominicana. /
_cDiomarys A. Pérez M. : prólogo Gerardo Roa Ogando.
260 _aSanto Domingo :
_bBúho,
_c2015.
300 _a354 p. ;
_c23 cm.
590 _aInventariado, 2018/BT
700 1 2 _aRoa Ogando, Gerardo
_eprol.
_974487
999 _c45978
_d45978